GIRISH KARNAD: (Record no. 190565)

MARC details
000 -LEADER
fixed length control field 00583nam a22001817a 4500
005 - DATE AND TIME OF LATEST TRANSACTION
control field 20220727163832.0
010 ## - LCCN (DPL NO)
LC control number ENG-134054
020 ## - INTERNATIONAL STANDARD BOOK NUMBER
International Standard Book Number 9788176467865
035 ## - SYSTEM CONTROL NUMBER
System control number EN-117586
037 ## - SOURCE OF ACQUISITION
Source of stock number/acquisition DBAD/PUB
082 ## - DEWEY DECIMAL CLASSIFICATION NUMBER
Classification number 882.08
100 ## - MAIN ENTRY--PERSONAL NAME
Personal name Budholia, Om Prakash
245 ## - TITLE STATEMENT
Title GIRISH KARNAD:
Remainder of title Poetics & Aesthetics/
Statement of responsibility, etc Om Prakash Budholia
260 ## - PUBLICATION, DISTRIBUTION, ETC. (IMPRINT)
Place of publication, distribution, etc Delhi
Name of publisher, distributor, etc B. R.Publishing Corporation
Date of publication, distribution, etc 2011
270 ## - ADDRESS
Address 425, Nimri Colony Ashok Vihar, Phase-IV
City Delhi
Postal code 110052
Electronic mail address brpc@vsnl.com
300 ## - PHYSICAL DESCRIPTION
Extent 206p.
Dimensions 22m(Pbk)
Other physical details Biblography & index
942 ## - ADDED ENTRY ELEMENTS (KOHA)
Source of classification or shelving scheme Dewey Decimal Classification
Item type English Books
Classification part 882.08
Call number suffix BUD
Holdings
Withdrawn status Lost status Not for loan Collection code Home library Current library Date acquired Source of acquisition Cost, normal purchase price Full call number Barcode Copy number Cost, replacement price Koha item type
      Non-fiction Bawana Bawana 27/07/2022 DBAD/PUB 595.00 882.08 BUD EN-117586 1 595.00 English Books

© Delhi Public Library
Hit Counter
free hit counter